Загрузка...

Real-time embedded systems : optimization, synthesis, and networking

Библиографические подробности
Главный автор: Qiu, Meikang
Другие авторы: Li, Jiayin
Формат: Printed Book
Опубликовано: Boca Raton, FL : CRC Press, c2011.
Предметы:
LEADER 00632cam a22001814a 4500
020 |a 9781439817605  
020 |a 143981760X  
082 0 0 |a 004.33  |b QIU/R 
100 1 |a Qiu, Meikang. 
245 1 0 |a Real-time embedded systems : optimization, synthesis, and networking 
260 |a Boca Raton, FL :  |b CRC Press,  |c c2011. 
300 |a xv, 215 p. :  |b ill. ; 
650 0 |a Embedded computer systems. 
650 0 |a Real-time data processing. 
700 1 |a Li, Jiayin. 
942 |c BK 
999 |c 34786  |d 34786 
952 |0 0  |1 0  |4 0  |6 004_330000000000000_QIUR  |7 0  |8 Stack  |9 36798  |a KUCL  |b KUCL  |c Stack  |d 2015-09-18  |l 0  |o 004.33 QIU/R  |p 33705  |r 2015-09-18  |w 2015-09-18  |y BK